Statistics for A Quiz About Elvis Presley

Click here to take the quiz!

General Stats

  • This quiz has been taken 9,741 times
    (4,093 since last reset)
  • The average score is 16 of 22

Answer Stats

HintAnswer% Correct
His nicknameThe King
of Rock & Roll
95%
You ain't nothing but a ...Hound Dog
91%
Elvis has left the ...Building
90%
His first movieLove Me {Tender}
90%
His mansionGraceland
89%
Type of shoes Elvis sang aboutBlue Suede
89%
His first #1 single{Heartbreak} Hotel
86%
Song that starts "The warden
threw a party in the county jail"
Jailhouse Rock
85%
City he lived in as an adultMemphis
82%
Organization he served in from
1958-1960
The Army
81%
His wife{Priscilla} Presley
81%
Name one of the three ingredients
inside an Elvis sandwich
Bananas, Bacon,
and Peanut Butter
78%
Song about jealousySuspicious {Minds}
77%
His daughter{Lisa}-{Marie} Presley
74%
City where he performed
the most frequently
Las Vegas
74%
State he was born inMississippi
67%
Elvis is a hunk, a hunk of ...Burning Love
58%
Household object that he
supposedly shot
Television
50%
City he was born inTupelo
45%
His managerColonel Tom Parker
44%
Room in the above with a
waterfall and green carpet
The {Jungle} Room
33%
Singer who first recorded the
song about those shoes
Carl Perkins
29%

Score Distribution

Percentile by Number Answered

Percent of People with Each Score

Your Score History

You have not taken this quiz since the last reset